| 000 | 00729 a2200217 4500 | ||
|---|---|---|---|
| 020 | _a0030016789 | ||
| 020 | _a9780030016783 | ||
| 082 | 0 | 4 | _a657 |
| 090 |
_c2134 _d2134 |
||
| 100 | 1 | _aBierman, Harold. | |
| 245 | 1 | 0 |
_aFinancial accounting : _ban introduction / _cHarold Bierman. |
| 250 | _a4th ed. | ||
| 260 |
_a[S.l.] : _bHarcourt School, _c1987. |
||
| 300 | _a592 p. | ||
| 490 | 1 | _aThe dryden press series in accounting. | |
| 500 | _aHardcover. | ||
| 830 | 4 | _aThe dryden press series in accounting. | |
| 856 | 4 | 0 |
_3Amazon.com _uhttp://www.amazon.com/exec/obidos/ASIN/0030016789/chopaconline-20 |
| 856 | 4 | 0 |
_3Amazon customer reviews _uhttp://www.chopac.org/cgi-bin/tools/azrev.pl?q=0030016789 |
| 942 |
_aNBS _cBK _k657 BIE |
||
| 999 |
_c344636 _d344636 |
||